Tự học như thế nào
Đưa ra phương pháp tự học có hướng dẫn cụ thể có lập luận, nhằm giúp người đọc nâng cao kiến thức để thực sự trở thành người có văn hoá cao, chuyên môn giỏi
Đã lưu trong:
| 主要作者: | |
|---|---|
| 其他作者: | |
| 格式: | 圖書 |
| 出版: |
H.
Thanh niên
1982
|
| 主題: | |
| 標簽: |
添加標簽
沒有標簽, 成為第一個標記此記錄!
|
| Thư viện lưu trữ: | Mạng thư viện Đại học Đà Nẵng |
|---|
| LEADER | 01288nam a22003498a 4500 | ||
|---|---|---|---|
| 001 | 000015219 | ||
| 003 | 11595 | ||
| 005 | 20120523100521.0 | ||
| 008 | 120523s1982 b 000 0 od | ||
| 020 | |c 7500đ |d 10500b | ||
| 041 | 0 | |a dịch nga | |
| 082 | |a 370.1 |b RU-N | ||
| 084 | |a U |b T000ự | ||
| 100 | 1 | |a Rubakin, N.A. | |
| 245 | 1 | 0 | |a Tự học như thế nào |c N.A. Rubakin; Nguyễn Đình Côi, Ngọc Oanh |
| 260 | |a H. |b Thanh niên |c 1982 | ||
| 300 | |a 90tr |c 19cm | ||
| 520 | |a Đưa ra phương pháp tự học có hướng dẫn cụ thể có lập luận, nhằm giúp người đọc nâng cao kiến thức để thực sự trở thành người có văn hoá cao, chuyên môn giỏi | ||
| 653 | |a Giáo dục | ||
| 653 | |a tự học | ||
| 653 | |a phương pháp | ||
| 700 | 1 | |a Nguyễn Đình Côi |e Dịch | |
| OWN | |a LSP | ||
| AVA | |a UDN50 |b LSP |d 370.1 RU-N |e available |t Error 5001 Not defined in file expand_doc_bib_avail. |f 1 |g 0 |h N |i 0 |k 1 | ||
| 999 | |a From the UDN01 | ||
| AVA | |a UDN50 |b LSP |d 370.1 RU-N |e available |t Error 5001 Not defined in file expand_doc_bib_avail. |f 1 |g 0 |h N |i 0 |k 1 | ||
| TYP | |a Monograph | ||
| TYP | |a Printed language | ||
| 980 | |a Mạng thư viện Đại học Đà Nẵng | ||